Fuctional calculus of pseudo-differential boundary problems

Saved in:
Bibliographic Details
Main Author: Grubb, Gerd
Format: Book
Language:English
Published: Boston : Birkhauser, c1996
Edition:2nd ed.
Series:Progress in mathematics (Boston, Mass.) ; 65
Subjects:
Tags: Add Tag
No Tags, Be the first to tag this record!

MARC

LEADER 00000nam a2200000 i 4500
001 1/89787
008 990915s1996 eng d
020 |a 0-8176-3738-9 
035 |l 10052882 
040 |a GR-MY-UA  |b gre  |e aacr 
041 0 |a eng 
082 0 |a 515.7242 
100 1 |a Grubb, Gerd. 
245 1 0 |a Fuctional calculus of pseudo-differential boundary problems /  |c Gerd Grubb 
250 |a 2nd ed. 
260 |a Boston :   |b Birkhauser,   |c c1996 
300 |a vi, 511 p.;  |b ill.;  |c 24 cm. 
490 1 |a Progress in mathematics (Boston, Mass.)  |v ; 65 
500 |a Includes bibliographical references and index 
650 0 0 |a Pseudodifferential operators. 
650 0 0 |a Boundary value problems. 
830 0 |a Progress in mathematics (Boston, Mass.)  |v ; 65 
852 |a INST  |b SAMOS  |e 19990915  |h 515.7242 GRU  |p 005300012264  |q 005300012264  |t BK  |y 0 
901 |a BIBL3-1999-3 
909 |a Σ  |b 067127 
922 |a 3ΕΛΗ  |b 199907  |c ΕΠΕΑΕΚ/ΜΑΘ  |d ΠΑΠΑΣΩΤΗΡΙΟΥ 
970 |a ΠΟΥΡΝΑΡΑΣ  |b ΔΗΜΗΤΡΗΣ  |z 1999/09/15